| 000 | 01426cam a2200373 a 4500 | ||
|---|---|---|---|
| 999 |
_c10443 _d10443 |
||
| 001 | 39700796 | ||
| 003 | OCoLC | ||
| 005 | 20241126110732.0 | ||
| 008 | 980807s1999 waub c b 000 0beng | ||
| 020 |
_a9781576581360 _q(pbk.) |
||
| 020 |
_a1576581365 _q(pbk.) |
||
| 035 | _a(OCoLC)39700796 | ||
| 040 |
_aDLC _beng _cDLC _dBAKER _dNLGGC _dBTCTA _dOCLCG _dDTM _dOCLCA _dOCLCF _dOCLCO _dOCLCQ _dBGF |
||
| 042 | _alcac | ||
| 043 | _ae-ne--- | ||
| 050 | 0 | 0 |
_aBR1725.T35 _bB46 1999 |
| 082 | 0 | 0 |
_a266.0092 _a269/.2/092 _221 _bBEN |
| 100 | 1 |
_aBenge, Janet, _d1958- _917368 |
|
| 245 | 1 | 0 |
_aCorrie Ten Boom : _bkeeper of the angels' den / _cJanet & Geoff Benge |
| 260 |
_aSeattle, WA : _bYWAM Pub., _c℗♭1999 |
||
| 300 |
_a201 pages : _bmap ; _c21 cm |
||
| 336 |
_atext _btxt _2rdacontent |
||
| 337 |
_aunmediated _bn _2rdamedia |
||
| 338 |
_avolume _bnc _2rdacarrier |
||
| 490 | 1 | _aChristian heroes, then & now | |
| 504 | _aIncludes bibliographical references (page 201) | ||
| 520 | _aRelates events in the life of the Dutch woman who survived imprisonment in Nazi concentration camps to become a Christian missionary | ||
| 600 | 1 | 0 |
_aTen Boom, Corrie _vJuvenile literature _918163 |
| 650 | 0 |
_aChristian biography _zNetherlands _vJuvenile literature _918164 |
|
| 655 | 7 |
_aJuvenile works. _2fast _0(OCoLC)fst01411637 _915512 |
|
| 700 | 1 |
_aBenge, Geoff, _d1954- _917373 |
|
| 830 | 0 |
_aChristian heroes, then & now _917374 |
|
| 942 |
_2ddc _cBK |
||